[Event "Verbandsliga Nordbaden 2223"]
[Site "Germany"]
[Date "2023.03.05"]
[Round "7.5"]
[White "Dauner, Karl"]
[Black "Reimold, Jonas"]
[Result "1/2-1/2"]
[WhiteElo "1867"]
[BlackElo "2051"]
[PlyCount "46"]
[EventDate "2022.09.25"]
[EventType "team-tourn"]
[EventRounds "9"]
[EventCountry "GER"]
[SourceTitle "EXT 2024"]
[Source "ChessBase"]
[SourceDate "2023.10.10"]
[SourceVersion "1"]
[SourceVersionDate "2023.10.10"]
[SourceQuality "1"]
[WhiteTeam "Forst"]
[BlackTeam "Eppingen II"]
[WhiteTeamCountry "GER"]
[BlackTeamCountry "GER"]

1. e4 e5 2. Nf3 Nf6 3. d4 Nxe4 4. Bd3 d5 5. Nxe5 Nd7 6. 0-0 Nxe5 7. dxe5 Nc5 8. Nc3 Nxd3 9. cxd3 Be7 10. Qf3 Be6 11. Ne2 Qd7 12. Nf4 0-0-0 13. Nxe6 Qxe6 14. d4 g5 15. Qc3 g4 16. Bf4 Rd7 17. b4 h5 18. a4 Qf5 19. g3 h4 20. Rac1 Qe6 21. b5 Kb8 22. Rb1 Rg8 23. Rfc1 Rc8 1/2-1/2

[Event "BL2-Sued 2223"]
[Site "Germany"]
[Date "2022.10.23"]
[Round "2.8"]
[White "Schmaltz, Roland"]
[Black "Reimold, Jonas"]
[Result "1/2-1/2"]
[WhiteElo "2455"]
[BlackElo "2051"]
[PlyCount "62"]
[EventDate "2022.10.22"]
[EventType "team-tourn"]
[EventRounds "9"]
[EventCountry "GER"]
[SourceTitle "EXT 2024"]
[Source "ChessBase"]
[SourceDate "2023.10.10"]
[SourceVersion "1"]
[SourceVersionDate "2023.10.10"]
[SourceQuality "1"]
[WhiteTeam "Baden-Baden II"]
[BlackTeam "Eppingen"]
[WhiteTeamCountry "GER"]
[BlackTeamCountry "GER"]

1. e4 e5 2. Nf3 Nf6 3. d3 Nc6 4. g3 d5 5. exd5 Nxd5 6. Bg2 Be7 7. 0-0 0-0 8. Re1 Bf6 9. Nbd2 Bg4 10. h3 Bh5 11. Nc4 Re8 12. g4 Bg6 13. g5 Be7 14. Ncxe5 Nxe5 15. Rxe5 Bh5 16. c4 Nb4 17. d4 Qd7 18. Be3 Rad8 19. a3 Nc6 20. Rd5 Bd6 21. Qf1 Ne7 22. Ne5 Qc8 23. Rb5 c6 24. Rb3 Nf5 25. Re1 Nh4 26. f4 Re7 27. Bh1 f6 28. Bf2 Nf5 29. gxf6 gxf6 30. Ng4 Rg7 31. Bf3 Nh6 1/2-1/2

[Event "Verbandsliga Nordbaden 1819"]
[Site "Baden"]
[Date "2019.01.13"]
[Round "4.6"]
[White "Reimold, Jonas"]
[Black "Wuest, Hans Heiner"]
[Result "1-0"]
[WhiteElo "2048"]
[BlackElo "2036"]
[PlyCount "87"]
[EventDate "2018.10.14"]
[EventType "team-tourn"]
[EventRounds "9"]
[EventCountry "GER"]
[SourceTitle "EXT 2020"]
[Source "ChessBase"]
[SourceDate "2019.10.17"]
[SourceVersion "1"]
[SourceVersionDate "2019.10.17"]
[SourceQuality "1"]
[WhiteTeam "Eppingen II"]
[BlackTeam "Walldorf II"]
[WhiteTeamCountry "GER"]
[BlackTeamCountry "GER"]

1. e4 c5 2. c3 d5 3. exd5 Qxd5 4. d4 Nf6 5. Nf3 e6 6. Bd3 Be7 7. 0-0 0-0 8. Be3 cxd4 9. cxd4 Nc6 10. Nc3 Qd8 11. a3 a6 12. Rc1 Bd7 13. Bg5 h6 14. Be3 b5 15. b4 Re8 16. Bb1 Bf8 17. Ne5 Ne7 18. Qf3 Ned5 19. Ne4 a5 20. Nc5 Qe7 21. Ncxd7 Nxd7 22. Nc6 Qd6 23. Nxa5 N7b6 24. Bd2 Qd7 25. Qd3 g6 26. Rfe1 Bg7 27. Rc5 Nc7 28. Bf4 Nbd5 29. Be5 Bf8 30. Rcc1 Rec8 31. Qg3 Ne8 32. h4 Nxb4 33. Nb3 Nd5 34. Nc5 Bxc5 35. dxc5 Qe7 36. Bb2 Ng7 37. Qe5 Qf8 38. Be4 f6 39. Qg3 Rxc5 40. Rxc5 Qxc5 41. Qxg6 Ra4 42. Qh7+ Kf8 43. Bg6 Nc7 44. Bxf6 1-0

[Event "Verbandsliga Nordbaden 1718"]
[Site "Baden"]
[Date "2018.03.11"]
[Round "7.6"]
[White "Reimold, Jonas"]
[Black "Sakkal, Ahmad"]
[Result "1-0"]
[WhiteElo "2048"]
[BlackElo "2101"]
[PlyCount "73"]
[EventDate "2017.10.08"]
[EventType "team-tourn"]
[EventRounds "9"]
[EventCountry "GER"]
[SourceTitle "EXT 2019"]
[Source "ChessBase"]
[SourceDate "2018.10.10"]
[SourceVersion "1"]
[SourceVersionDate "2018.10.10"]
[SourceQuality "1"]
[WhiteTeam "Eppingen II"]
[BlackTeam "Walldorf II"]
[WhiteTeamCountry "GER"]
[BlackTeamCountry "GER"]

1. e4 d6 2. d4 Nf6 3. Nc3 g6 4. Nf3 Bg4 5. h3 Bxf3 6. Qxf3 Nbd7 7. Be3 Bg7 8. Bc4 e5 9. 0-0-0 Qe7 10. Qe2 a6 11. f4 0-0 12. g4 b5 13. Bb3 b4 14. Nd5 Nxd5 15. Bxd5 exd4 16. Bxa8 dxe3 17. Bc6 Qf6 18. c3 Nb8 19. Bd5 c6 20. Bc4 bxc3 21. Rhf1 d5 22. e5 Qe7 23. Bb3 cxb2+ 24. Kb1 g5 25. Bc2 gxf4 26. Rxf4 Qxe5 27. Rf5 Qe6 28. Rh5 h6 29. g5 f5 30. gxh6 Bc3 31. Rg1+ Kh8 32. Rhg5 Nd7 33. h7 Nf6 34. Bxf5 Qe5 35. Rg8+ Rxg8 36. hxg8Q+ Nxg8 37. Qh5+ 1-0

[Event "Verbandsliga Nordbaden 1718"]
[Site "Baden"]
[Date "2017.12.03"]
[Round "3.5"]
[White "Reimold, Jonas"]
[Black "Boettger, Marko"]
[Result "1/2-1/2"]
[WhiteElo "2048"]
[BlackElo "2045"]
[PlyCount "38"]
[EventDate "2017.10.08"]
[EventType "team-tourn"]
[EventRounds "9"]
[EventCountry "GER"]
[SourceTitle "EXT 2019"]
[Source "ChessBase"]
[SourceDate "2018.10.10"]
[SourceVersion "1"]
[SourceVersionDate "2018.10.10"]
[SourceQuality "1"]
[WhiteTeam "Eppingen II"]
[BlackTeam "Birkenfeld"]
[WhiteTeamCountry "GER"]
[BlackTeamCountry "GER"]

1. e4 e6 2. d4 d5 3. Nd2 Nf6 4. e5 Nfd7 5. Bd3 c5 6. c3 Nc6 7. Ne2 Qb6 8. Nf3 cxd4 9. cxd4 f6 10. exf6 Nxf6 11. 0-0 Bd6 12. Nc3 0-0 13. Re1 a6 14. a3 Bd7 15. Bc2 Rae8 16. Bg5 Nh5 17. Nh4 Nf6 18. Nf3 Nh5 19. Nh4 Nf6 1/2-1/2

[Event "BL2-Sued 1617"]
[Site "Germany"]
[Date "2017.05.07"]
[Round "9.8"]
[White "Rahnfeld, Jens"]
[Black "Reimold, Jonas"]
[Result "1-0"]
[WhiteElo "2281"]
[BlackElo "2050"]
[PlyCount "67"]
[EventDate "2016.10.16"]
[EventType "team-tourn"]
[EventRounds "9"]
[EventCountry "GER"]
[SourceTitle "EXT 2018"]
[Source "ChessBase"]
[SourceDate "2017.10.13"]
[SourceVersion "1"]
[SourceVersionDate "2017.10.13"]
[SourceQuality "1"]
[WhiteTeam "Emmendingen"]
[BlackTeam "Eppingen"]
[WhiteTeamCountry "GER"]
[BlackTeamCountry "GER"]

1. e4 e5 2. Nf3 Nf6 3. d4 Nxe4 4. Bd3 d5 5. Nxe5 Nd7 6. Nxd7 Bxd7 7. 0-0 Qh4 8. c4 0-0-0 9. Nc3 Nf6 10. cxd5 Bd6 11. f4 Ng4 12. h3 h5 13. Ne4 Nh6 14. Ng5 Rde8 15. Bd2 Bg4 16. Rf3 Bxf3 17. Qxf3 Bxf4 18. Bxf4 Re1+ 19. Bf1 Rxa1 20. g3 Qxf4 21. Qxf4 Re8 22. Nf3 Rxa2 23. Qg5 Rxb2 24. Qxg7 Rb6 25. Qg5 Rg8 26. Qxh5 Rxg3+ 27. Kf2 Rgg6 28. Bd3 Rgf6 29. Ke3 a5 30. Ne5 a4 31. Nc4 Rb3 32. Qe5 Nf5+ 33. Kd2 Rd6 34. Qe8+ 1-0

[Event "Verbandsliga Nordbaden 1516"]
[Site "Baden"]
[Date "2015.09.27"]
[Round "1.4"]
[White "Reimold, Jonas"]
[Black "Schork, Stefan"]
[Result "1/2-1/2"]
[WhiteElo "2023"]
[BlackElo "2063"]
[PlyCount "71"]
[EventDate "2015.09.27"]
[EventType "team-tourn"]
[EventRounds "9"]
[EventCountry "GER"]
[SourceTitle "EXT 2022"]
[Source "ChessBase"]
[SourceDate "2021.10.06"]
[SourceVersion "1"]
[SourceVersionDate "2021.10.06"]
[SourceQuality "1"]
[WhiteTeam "Eppingen II"]
[BlackTeam "Pforzheim"]
[WhiteTeamCountry "GER"]
[BlackTeamCountry "GER"]

1. e4 c5 2. c3 d5 3. exd5 Qxd5 4. d4 Nf6 5. Nf3 e6 6. Bd3 Nc6 7. 0-0 Be7 8. Na3 0-0 9. Nb5 Qd8 10. dxc5 Bxc5 11. Bg5 h6 12. Bh4 e5 13. Qc2 Be7 14. Rfe1 a6 15. Na3 Nd7 16. Bxe7 Qxe7 17. Nc4 b5 18. Be4 Bb7 19. Bxc6 Bxc6 20. Ncxe5 Nxe5 21. Nxe5 Rfe8 22. Qf5 Rad8 23. Qf4 Qc7 24. Qg3 Bb7 25. f4 Rd2 26. Nf3 Qc5+ 27. Kh1 Rxe1+ 28. Rxe1 Rxb2 29. Qg4 Bxf3 30. gxf3 g6 31. Rg1 Qf2 32. Qh3 Rxa2 33. f5 g5 34. f6 Re2 35. Qc8+ Kh7 36. Qf5+ 1/2-1/2

[Event "Bundesliga 1415"]
[Site "Germany"]
[Date "2015.04.12"]
[Round "15.6"]
[White "Heinemann, Thies"]
[Black "Reimold, Jonas"]
[Result "1-0"]
[WhiteElo "2473"]
[BlackElo "2023"]
[PlyCount "77"]
[EventDate "2014.10.18"]
[EventType "team-tourn"]
[EventRounds "15"]
[EventCountry "GER"]
[SourceTitle "CBM 166"]
[Source "ChessBase"]
[SourceDate "2015.05.11"]
[SourceVersion "1"]
[SourceVersionDate "2015.05.11"]
[SourceQuality "1"]
[WhiteTeam "Hamburger SK"]
[BlackTeam "Eppingen"]
[WhiteTeamCountry "GER"]
[BlackTeamCountry "GER"]

1. e4 e5 2. Nf3 Nf6 3. Nc3 Bb4 4. Nxe5 d6 5. Nd3 Bxc3 6. dxc3 Nxe4 7. Be2 0-0 8. 0-0 Nc6 9. Re1 Bf5 10. f3 Nc5 11. Be3 Nxd3 12. cxd3 Qf6 13. Qd2 Rfe8 14. Bf1 Qg6 15. Kh1 Re7 16. d4 Rae8 17. d5 Ne5 18. Bg1 a6 19. b4 f6 20. a4 Qf7 21. a5 Bd7 22. c4 Ng6 23. Rxe7 Rxe7 24. b5 Qe8 25. bxa6 bxa6 26. Qb4 Nf4 27. Qd2 Ng6 28. Bf2 Ne5 29. Qc3 Qb8 30. c5 Bb5 31. Rb1 Kf7 32. Bxb5 axb5 33. Qb3 b4 34. Bg1 Qa8 35. cxd6 cxd6 36. Qxb4 Nd3 37. Qc4 Ne5 38. Qb5 Ra7 39. Bxa7 1-0

[Event "Verbandsliga Nordbaden 1415"]
[Site "Baden"]
[Date "2015.02.08"]
[Round "6.3"]
[White "Scherer, Ralf"]
[Black "Reimold, Jonas"]
[Result "0-1"]
[WhiteElo "2186"]
[BlackElo "2023"]
[PlyCount "52"]
[EventDate "2014.10.12"]
[EventType "team-tourn"]
[EventRounds "9"]
[EventCountry "GER"]
[SourceTitle "EXT 2022"]
[Source "ChessBase"]
[SourceDate "2021.10.06"]
[SourceVersion "1"]
[SourceVersionDate "2021.10.06"]
[SourceQuality "1"]
[WhiteTeam "Ladenburg"]
[BlackTeam "Eppingen III"]
[WhiteTeamCountry "GER"]
[BlackTeamCountry "GER"]

1. c4 f5 2. Nf3 Nf6 3. g3 g6 4. Bg2 Bg7 5. 0-0 d6 6. Nc3 e5 7. d3 0-0 8. Rb1 a5 9. a3 Qe8 10. b4 axb4 11. axb4 h6 12. Bd2 g5 13. Ra1 Rxa1 14. Qxa1 e4 15. Nd4 Ng4 16. Nc2 exd3 17. exd3 Qh5 18. h3 Ne5 19. Ne1 f4 20. g4 Nxg4 21. hxg4 Bxg4 22. Qa5 f3 23. Ne4 fxg2 24. Nxg2 Bf3 25. Ng3 Qh3 26. Ne1 Bd4 0-1

[Event "Bundesliga 1415"]
[Site "Germany"]
[Date "2014.11.07"]
[Round "7.8"]
[White "Schlosser, Philipp"]
[Black "Reimold, Jonas"]
[Result "1-0"]
[WhiteElo "2570"]
[BlackElo "2023"]
[PlyCount "61"]
[EventDate "2014.10.18"]
[EventType "team-tourn"]
[EventRounds "15"]
[EventCountry "GER"]
[SourceTitle "EXT 2015"]
[Source "ChessBase"]
[SourceDate "2014.11.20"]
[SourceVersion "1"]
[SourceVersionDate "2014.11.20"]
[SourceQuality "1"]
[WhiteTeam "Baden-Baden"]
[BlackTeam "Eppingen"]
[WhiteTeamCountry "GER"]
[BlackTeamCountry "GER"]

1. c4 f5 2. g3 Nf6 3. Bg2 g6 4. d4 Bg7 5. Nc3 d6 6. d5 a5 7. Nh3 0-0 8. 0-0 Na6 9. Be3 Bd7 10. Nf4 Rb8 11. Ba7 Rc8 12. Bd4 Qe8 13. e4 fxe4 14. Re1 Qf7 15. Nxe4 Nxe4 16. Rxe4 Bf6 17. Qd2 a4 18. Rae1 Rfe8 19. Ne6 c5 20. Bxf6 exf6 21. Qf4 Nb4 22. Qxd6 Nc2 23. R1e2 Nd4 24. Nxd4 cxd4 25. Qb4 d3 26. R2e3 Bf5 27. Rxe8+ Rxe8 28. d6 Rxe3 29. fxe3 Kg7 30. Kf2 Qd7 31. Qxb7 1-0

[Event "Verbandsliga Nordbaden 1415"]
[Site "Baden"]
[Date "2014.10.12"]
[Round "1.4"]
[White "Hamid, Emran"]
[Black "Reimold, Jonas"]
[Result "1/2-1/2"]
[WhiteElo "2028"]
[BlackElo "2023"]
[PlyCount "110"]
[EventDate "2014.10.12"]
[EventType "team-tourn"]
[EventRounds "9"]
[EventCountry "GER"]
[SourceTitle "EXT 2022"]
[Source "ChessBase"]
[SourceDate "2021.10.06"]
[SourceVersion "1"]
[SourceVersionDate "2021.10.06"]
[SourceQuality "1"]
[WhiteTeam "Pforzheim"]
[BlackTeam "Eppingen III"]
[WhiteTeamCountry "GER"]
[BlackTeamCountry "GER"]

1. e4 e5 2. Nf3 Nf6 3. Nxe5 d6 4. Nf3 Nxe4 5. Nc3 Nxc3 6. dxc3 Be7 7. Be3 Nc6 8. Qd2 Ne5 9. Nd4 c5 10. Nb3 0-0 11. Be2 Be6 12. Bf4 Qb6 13. 0-0 a5 14. Bxe5 dxe5 15. Qe3 Qc7 16. Nd2 f5 17. Bc4 Bxc4 18. Nxc4 e4 19. a4 Ra6 20. Rad1 Rh6 21. g3 Qc6 22. b3 f4 23. gxf4 Qe6 24. Ne5 Rh4 25. Qxe4 Rg4+ 26. Kh1 Rgxf4 27. Qd5 Qxd5+ 28. Rxd5 Rxf2 29. Rxf2 Rxf2 30. Rd7 Bg5 31. Rxb7 h5 32. Rb5 h4 33. h3 Bf4 34. Nd3 Rh2+ 35. Kg1 Bd6 36. Nxc5 Rxh3 37. Ne4 Bf4 38. Rxa5 Re3 39. Nf2 Rg3+ 40. Kf1 Rxc3 41. Nd3 Bd6 42. Rd5 Be7 43. Re5 Bd6 44. Re2 g5 45. Re6 Bg3 46. Rg6+ Kf7 47. Rxg5 Rxc2 48. a5 Ra2 49. b4 Kf6 50. Rg8 Kf7 51. Rg4 Kf6 52. Nc5 Ra1+ 53. Kg2 Ra2+ 54. Kf3 Ra3+ 55. Kg2 Ra2+ 1/2-1/2

[Event "Verbandsliga Nord Baden 1314"]
[Site "Germany"]
[Date "2014.02.16"]
[Round "6.8"]
[White "Reimold, Jonas"]
[Black "Oden, Edgar"]
[Result "0-1"]
[WhiteElo "2030"]
[BlackElo "2008"]
[PlyCount "72"]
[EventDate "2013.10.20"]
[EventType "team-tourn"]
[EventRounds "9"]
[EventCountry "GER"]
[SourceTitle "EXT 2015"]
[Source "ChessBase"]
[SourceDate "2014.11.20"]
[SourceVersion "1"]
[SourceVersionDate "2014.11.20"]
[SourceQuality "1"]
[WhiteTeam "Eppingen II"]
[BlackTeam "Bad Mergentheim II"]
[WhiteTeamCountry "GER"]
[BlackTeamCountry "GER"]

1. e4 Nf6 2. e5 Nd5 3. c4 Nb6 4. d4 d6 5. exd6 exd6 6. Nc3 Be7 7. Bd3 Nc6 8. Be3 Bf6 9. Nge2 Bg4 10. f3 Bh5 11. a3 Bg6 12. Bf2 0-0 13. Rc1 Re8 14. Bxg6 hxg6 15. Qd3 d5 16. c5 Nc8 17. h4 Qd7 18. Kf1 Nd8 19. Nf4 c6 20. g4 Ne6 21. Nce2 Bd8 22. Kg2 Bc7 23. Bg3 Nxf4+ 24. Nxf4 Ne7 25. Rce1 Kf8 26. h5 Bxf4 27. Bxf4 gxh5 28. Qh7 f6 29. Qh8+ Kf7 30. Qxh5+ Ng6 31. Bd6 Rh8 32. Qf5 Qxf5 33. gxf5 Nh4+ 34. Kf2 Nxf5 35. Rhg1 Rae8 36. Bf4 Nxd4 0-1

[Event "Verbandsliga Nord Baden 1314"]
[Site "Germany"]
[Date "2014.02.02"]
[Round "5.8"]
[White "Reimold, Jonas"]
[Black "Linder, Oliver"]
[Result "1-0"]
[WhiteElo "2030"]
[BlackElo "1949"]
[PlyCount "123"]
[EventDate "2013.10.20"]
[EventType "team-tourn"]
[EventRounds "9"]
[EventCountry "GER"]
[SourceTitle "EXT 2015"]
[Source "ChessBase"]
[SourceDate "2014.11.20"]
[SourceVersion "1"]
[SourceVersionDate "2014.11.20"]
[SourceQuality "1"]
[WhiteTeam "Eppingen II"]
[BlackTeam "Pforzheim"]
[WhiteTeamCountry "GER"]
[BlackTeamCountry "GER"]

1. e4 e6 2. d4 d5 3. Nd2 Nc6 4. Ngf3 Nf6 5. e5 Nd7 6. Nb3 f6 7. Bb5 a5 8. a4 Nb4 9. c3 c6 10. Be2 Na6 11. exf6 Nxf6 12. Ne5 Bd6 13. Bh5+ g6 14. Be2 Qc7 15. Bf4 0-0 16. Bh6 Re8 17. f4 Bf8 18. Bxf8 Rxf8 19. 0-0 b6 20. Bd3 c5 21. Nd2 cxd4 22. cxd4 Nb4 23. Rc1 Qd6 24. Bb1 Bb7 25. Qb3 Ne4 26. Qe3 Nxd2 27. Qxd2 Rac8 28. Rce1 Rc7 29. Rf3 Bc6 30. Rg3 Bxa4 31. b3 Be8 32. h4 Rg7 33. Qe3 Bd7 34. h5 Be8 35. hxg6 Bxg6 36. Nxg6 hxg6 37. Rf3 Rf6 38. Qf2 Qf8 39. Qg3 Nc6 40. Qf2 Qb4 41. Rc1 Nxd4 42. Rh3 Nf5 43. Bxf5 Rxf5 44. Qh4 Qd6 45. Qh8+ Kf7 46. Rhc3 Qxf4 47. Rc7+ Kf6 48. Qxg7+ Kg5 49. Qb2 Qe3+ 50. Kh1 Kg4 51. Rh7 Rf2 52. Rh3 Qf4 53. Qc3 d4 54. Qe1 e5 55. Qd1+ Kg5 56. Qg1 e4 57. Rd1 d3 58. Qe1 Kf5 59. Kg1 Rb2 60. Rh4 Qe5 61. Qe3 Qc5 62. Rf1+ 1-0

[Event "Verbandsliga Nord Baden 1314"]
[Site "Germany"]
[Date "2014.01.12"]
[Round "4.8"]
[White "Mueller, Jens"]
[Black "Reimold, Jonas"]
[Result "1-0"]
[WhiteElo "2031"]
[BlackElo "2059"]
[PlyCount "109"]
[EventDate "2013.10.20"]
[EventType "team-tourn"]
[EventRounds "9"]
[EventCountry "GER"]
[SourceTitle "EXT 2015"]
[Source "ChessBase"]
[SourceDate "2014.11.20"]
[SourceVersion "1"]
[SourceVersionDate "2014.11.20"]
[SourceQuality "1"]
[WhiteTeam "Weinheim"]
[BlackTeam "Eppingen II"]
[WhiteTeamCountry "GER"]
[BlackTeamCountry "GER"]

1. e4 e5 2. Nf3 Nf6 3. Nc3 Nc6 4. Bb5 Bb4 5. d3 d6 6. 0-0 0-0 7. h3 h6 8. Be3 Qe7 9. Nd5 Nxd5 10. exd5 Nd8 11. c3 Ba5 12. Qa4 Bb6 13. Bxb6 cxb6 14. Qh4 Qxh4 15. Nxh4 g5 16. Nf3 f5 17. d4 e4 18. Nd2 a6 19. Be2 b5 20. Rfe1 Re8 21. Bh5 Nf7 22. g4 b6 23. gxf5 Bxf5 24. Bg4 Bxg4 25. hxg4 e3 26. Rxe3 Rxe3 27. fxe3 Re8 28. Kf2 Kg7 29. Re1 Nh8 30. Nf1 Ng6 31. Ng3 Nh4 32. e4 b4 33. cxb4 Rc8 34. e5 Rf8+ 35. Ke2 Nf3 36. Nf5+ Rxf5 37. gxf5 Nxd4+ 38. Kf2 dxe5 39. Rxe5 Kf6 40. Re8 Kf7 41. Ra8 Nxf5 42. Rxa6 g4 43. Rxb6 h5 44. a4 h4 45. a5 h3 46. Re6 g3+ 47. Kg1 Nh4 48. Re3 Nf5 49. Rf3 Kg6 50. Rxf5 Kxf5 51. a6 Kf4 52. a7 Kf3 53. a8Q h2+ 54. Kh1 Kf2 55. d6 1-0

[Event "EU-Cup 29th"]
[Site "Rhodes"]
[Date "2013.10.22"]
[Round "3.5"]
[White "Reimold, Jonas"]
[Black "Guy, David T"]
[Result "1-0"]
[WhiteElo "2037"]
[BlackElo "1964"]
[PlyCount "85"]
[EventDate "2013.10.20"]
[EventType "team-swiss"]
[EventRounds "7"]
[EventCountry "GRE"]
[SourceTitle "CBM 157"]
[Source "ChessBase"]
[SourceDate "2013.11.12"]
[SourceVersion "1"]
[SourceVersionDate "2013.11.12"]
[SourceQuality "1"]
[WhiteTeam "Eppingen"]
[BlackTeam "White Knights"]
[WhiteTeamCountry "GER"]
[BlackTeamCountry "WLS"]

1. e4 c5 2. c3 Nf6 3. e5 Nd5 4. g3 e6 5. Bg2 Nc6 6. Nf3 Be7 7. 0-0 0-0 8. Re1 Nb6 9. d3 d6 10. exd6 Qxd6 11. Bf4 Qd8 12. g4 Nd5 13. Bg3 Bd6 14. Qd2 Qc7 15. Na3 Bxg3 16. hxg3 a6 17. Rad1 b5 18. c4 Ndb4 19. cxb5 axb5 20. Nxb5 Qb6 21. Nc3 Rb8 22. Qg5 h6 23. Qh5 Nc2 24. Re2 Qxb2 25. Qxc5 Bb7 26. Na4 Qxa2 27. Qxc2 Qa3 28. Nc5 Nb4 29. Qd2 Bc6 30. g5 hxg5 31. Qxg5 Nd5 32. d4 Rb2 33. Rxb2 Qxb2 34. Qc1 Qb6 35. Ne5 Rc8 36. Qd2 Ne7 37. Qf4 f6 38. Nxc6 Nxc6 39. Qd6 Qc7 40. Qxe6+ Kh7 41. Be4+ g6 42. Qh3+ Kg8 43. Bd5+ 1-0

[Event "EU-Cup 29th"]
[Site "Rhodes"]
[Date "2013.10.20"]
[Round "1.5"]
[White "Reimold, Jonas"]
[Black "Csonka, Attila Istvan"]
[Result "0-1"]
[WhiteElo "2037"]
[BlackElo "2387"]
[PlyCount "180"]
[EventDate "2013.10.20"]
[EventType "team-swiss"]
[EventRounds "7"]
[EventCountry "GRE"]
[SourceTitle "CBM 157"]
[Source "ChessBase"]
[SourceDate "2013.11.12"]
[SourceVersion "1"]
[SourceVersionDate "2013.11.12"]
[SourceQuality "1"]
[WhiteTeam "Eppingen"]
[BlackTeam "Szombathely"]
[WhiteTeamCountry "GER"]
[BlackTeamCountry "HUN"]

1. e4 c6 2. d4 d5 3. exd5 cxd5 4. c4 Nf6 5. Nc3 e6 6. Nf3 Nc6 7. cxd5 Nxd5 8. Bd3 Be7 9. 0-0 0-0 10. a3 Qd6 11. Be4 Nf6 12. Bc2 a6 13. Qd3 Rd8 14. Rd1 h6 15. b4 b5 16. Bb2 Bb7 17. Ne2 Nb8 18. Ng3 Nbd7 19. Nh5 Be4 20. Nxf6+ Nxf6 21. Qe2 Bxc2 22. Qxc2 Rac8 23. Qb3 Nd5 24. Ne5 Rc7 25. Nd3 Rc4 26. Ne5 Rcc8 27. Nd3 Bf6 28. Nc5 Rb8 29. g3 Rb6 30. Rac1 g6 31. Kg2 Bg7 32. Kg1 Ne7 33. Qf3 Qd5 34. Qxd5 Rxd5 35. Nb3 Rbd6 36. Rd2 g5 37. Rc5 Nf5 38. Rxd5 Rxd5 39. Rc2 Bxd4 40. Nxd4 Nxd4 41. Bxd4 Rxd4 42. Rc6 a5 43. bxa5 Ra4 44. Ra6 Rxa3 45. Ra8+ Kg7 46. a6 Ra1+ 47. Kg2 g4 48. Rb8 Rxa6 49. Rxb5 Ra2 50. Re5 Kf6 51. Rh5 Kg6 52. Re5 h5 53. Re4 Rd2 54. Re5 Rd5 55. Re2 e5 56. h3 Kf5 57. hxg4+ hxg4 58. Ra2 Ke4 59. Re2+ Kd3 60. Ra2 f5 61. Ra3+ Ke4 62. Re3+ Kd4 63. Ra3 Rc5 64. Ra4+ Rc4 65. Ra2 f4 66. gxf4 exf4 67. Rd2+ Ke5 68. Ra2 Rc1 69. Ra5+ Kf6 70. Ra2 Kg5 71. Rb2 Re1 72. f3 g3 73. Rb5+ Kf6 74. Rb6+ Kf5 75. Rb5+ Re5 76. Rb2 Ke6 77. Rd2 Re3 78. Ra2 Rd3 79. Ra6+ Ke5 80. Ra5+ Rd5 81. Ra2 Rc5 82. Rd2 Rc4 83. Re2+ Kd4 84. Rd2+ Ke3 85. Ra2 Rd4 86. Ra3+ Rd3 87. Ra8 Rd2+ 88. Kh3 Kxf3 89. Ra3+ Kf2 90. Kg4 g2 0-1

[Event "Baden-ch op U2000"]
[Site "Birkenfeld"]
[Date "2013.06.01"]
[Round "6"]
[White "Reimold, Jonas"]
[Black "Krueger, Bernd"]
[Result "1-0"]
[WhiteElo "2037"]
[BlackElo "1879"]
[PlyCount "153"]
[EventDate "2013.05.30"]
[EventType "swiss"]
[EventRounds "7"]
[EventCountry "GER"]
[SourceTitle "EXT 2014"]
[Source "ChessBase"]
[SourceDate "2013.11.20"]
[SourceVersion "1"]
[SourceVersionDate "2013.11.20"]
[SourceQuality "1"]

1. e4 c5 2. c3 e6 3. d4 cxd4 4. cxd4 Bb4+ 5. Nc3 a6 6. Nf3 Ne7 7. Bd3 0-0 8. 0-0 f5 9. Qb3 Ba5 10. Bg5 fxe4 11. Bxe4 d5 12. Bc2 Nbc6 13. Ne2 Qe8 14. a3 Qh5 15. Ng3 Qg4 16. h3 Rxf3 17. hxg4 Rxb3 18. Bxb3 Ng6 19. Ne2 Bd7 20. Be3 Rd8 21. f4 Nge7 22. Rf3 Bb6 23. Rc1 h5 24. gxh5 Nf5 25. Rd1 Na5 26. Ba2 Ba4 27. Rd2 Rc8 28. Nc3 Bb3 29. Bf2 Bxa2 30. Nxa2 Nc4 31. Rdd3 Nxb2 32. Rb3 Nc4 33. Rfd3 Rc7 34. g4 Nfd6 35. Nc3 Ba7 36. f5 Kf7 37. fxe6+ Kxe6 38. Rb1 Ne4 39. Re1 Ncd6 40. Nxe4 Nxe4 41. Be3 b5 42. Re2 Kd7 43. Kg2 Rc4 44. g5 Bb8 45. h6 gxh6 46. gxh6 Rc8 47. Kg1 Rh8 48. Rg2 Bd6 49. Bc1 Bf8 50. Rg6 a5 51. Rf3 b4 52. axb4 axb4 53. Kg2 Nc3 54. Kh3 Ne4 55. Kg4 Ke7 56. Kh5 Kd7 57. Rf7+ Ke8 58. Rb7 Kd8 59. Bf4 Kc8 60. Rc7+ Kd8 61. Rb7 Kc8 62. Rb8+ Kd7 63. Be5 Rxh6+ 64. Rxh6 Bxh6 65. Kxh6 Nf2 66. Rxb4 Ke6 67. Rb6+ Ke7 68. Rd6 Ng4+ 69. Kg5 Ne3 70. Kf4 Nc4 71. Rxd5 Ke6 72. Rc5 Nxe5 73. dxe5 Ke7 74. Kf5 Kd7 75. Kf6 Ke8 76. e6 Kd8 77. Rc3 1-0

[Event "Baden-ch op U2000"]
[Site "Birkenfeld"]
[Date "2013.05.31"]
[Round "4"]
[White "Reimold, Jonas"]
[Black "Syed, Tareq"]
[Result "1-0"]
[WhiteElo "2037"]
[BlackElo "2028"]
[PlyCount "95"]
[EventDate "2013.05.30"]
[EventType "swiss"]
[EventRounds "7"]
[EventCountry "GER"]
[SourceTitle "EXT 2014"]
[Source "ChessBase"]
[SourceDate "2013.11.20"]
[SourceVersion "1"]
[SourceVersionDate "2013.11.20"]
[SourceQuality "1"]

1. e4 d6 2. d4 Nf6 3. Nc3 e5 4. Nf3 Nbd7 5. Bc4 Be7 6. 0-0 0-0 7. h3 c6 8. a3 Qe8 9. Qe2 Bd8 10. Bg5 Bb6 11. Rad1 Qe7 12. Rfe1 Re8 13. d5 c5 14. Nh4 g6 15. Qf3 a6 16. Qg3 Kh8 17. Rf1 Bd8 18. a4 Qf8 19. Qe3 Nh5 20. Bh6 Qg8 21. Nf3 f5 22. Ng5 f4 23. Qd2 Bxg5 24. Bxg5 Qg7 25. g4 Nhf6 26. f3 h6 27. Bh4 g5 28. Bf2 h5 29. a5 Qe7 30. Na4 Kg7 31. b4 cxb4 32. Qxb4 Rh8 33. Kg2 Qf8 34. Be2 Qe7 35. c4 Ne8 36. Rc1 Rh6 37. Rfd1 Qd8 38. c5 dxc5 39. Nxc5 Nxc5 40. Bxc5 Nd6 41. Rb1 Kf7 42. Qa3 hxg4 43. hxg4 Bd7 44. Bxd6 Rh2+ 45. Kxh2 Qh8+ 46. Kg2 Qh4 47. Rh1 Qg3+ 48. Kf1 1-0